| 000 | 01562nam a2200433 c 4500 | ||
|---|---|---|---|
| 001 | 51913 | ||
| 003 | ES-MaCES | ||
| 005 | 20211124114819.0 | ||
| 008 | 210816s2020 sp 000 | spa d | ||
| 017 |
_aM 28530-2020 _bDL |
||
| 020 | _a9788418405136 | ||
| 040 |
_aES-MaCES _bspa _cES-MaCES |
||
| 245 | 0 | 3 |
_aLa nueva regulación del trabajo a distancia y el teletrabajo _c[Martín Godino Reyes coord. ; autores, María Jesús Herra Duque ... et al.] |
| 260 |
_aMadrid _bFrancis Lefebvre _c2020 |
||
| 300 |
_a144 p. _c22 cm |
||
| 490 | 1 | _aClaves prácticas laborales | |
| 500 | _aÍndices | ||
| 541 | _cCompra | ||
| 610 | 1 | 7 |
_aEspaña _tReal Decreto Ley de trabajo a distancia, 2020 _2 _940074 |
| 650 | 4 |
_ateletrabajo _929568 |
|
| 650 | 4 |
_arelaciones laborales _928369 |
|
| 650 | 4 |
_anegociación colectiva _928362 |
|
| 650 | 4 |
_aderechos de los trabajadores _929924 |
|
| 650 | 4 |
_aprotección de los datos _929496 |
|
| 650 | 4 |
_avida privada _929238 |
|
| 650 | 4 |
_aseguridad en el trabajo _928348 |
|
| 650 | 4 |
_asalud en el trabajo _928347 |
|
| 650 | 4 |
_aderechos de la dirección _929896 |
|
| 650 | 4 |
_aderecho del trabajo _927165 |
|
| 650 | 4 |
_aEspaña _926964 |
|
| 650 | 4 |
_arégimen jurídico _929894 |
|
| 653 | 1 | 0 | _aDerecho del trabajo y Seguridad Social |
| 700 | 1 |
_935531 _aGodino Reyes, Martín _ecoord. |
|
| 700 | 1 |
_940073 _aHerrera Duque, María Jesús |
|
| 710 | 2 |
_aEdiciones Francis Lefebvre _eed. _92636 |
|
| 830 | 0 |
_939846 _aClaves prácticas laborales (Sagardoy-Francis Lefebvre) |
|
| 902 | _aLIB Libro | ||
| 942 |
_2CES _cBK _h6.0.1. |
||
| 999 |
_c51913 _d51913 |
||